Normal view
MARC view
- Johnson, A
Entry Personal Name
001 - CONTROL NUMBER
- control field: 45530
003 - CONTROL NUMBER IDENTIFIER
- control field: NUST
005 - DATE AND TIME OF LATEST TRANSACTION
- control field: 20210314133259.0
008 - FIXED-LENGTH DATA ELEMENTS
- fixed length control field: 210314|| aca||aabn | a|a d
040 ## - CATALOGING SOURCE
- Original cataloging agency: NUST
- Transcribing agency: NUST
100 ## - HEADING--PERSONAL NAME
- Personal name: Johnson, A
670 ## - SOURCE DATA FOUND
- Source citation: Work cat.: (NUST): King, W. H. 45527, A metric manual of specifications and quantities for civil engineers /, 1975.
